000 00760nam a2200241 i 4500
001 18127
003 ES-MaACL
005 20250826150741.0
007 t|
008 010822s2001 sp ||||1| spa d
020 _a84-322-1957-6
080 _a821.111(73)-31"19"
100 1 _aMcCullers, Carson.
_979546
245 1 3 _aEl corazón es un cazador solitario /
_cCarson McCullers ; traducción del inglés por R. M. Bassols.
250 _a1ª ed. en Biblioteca Formentor.
260 _aBarcelona :
_bSeix Barral,
_c2001.
300 _a380 p. ;
_c23 cm.
490 1 _aBiblioteca Formentor
700 0 _aBassols, Rosa María
_926334
830 0 _aBiblioteca Formentor
_9180387
852 _aES-MaACL
_jL-24866
_bR.130092
999 _c18127
_d18127